| 000 | 00544nam a2200181Ia 4500 | ||
|---|---|---|---|
| 003 | IN-BaIIA | ||
| 008 | 211028s9999 xx 000 0 eng d | ||
| 020 | _a978-1-56396-416-9 | ||
| 040 | _cIIA Library | ||
| 080 |
_a535.2(035) _bHAN |
||
| 245 | 0 |
_aHandbook of applied photometry _cedited by Casimer DeCusatis |
|
| 260 |
_aNew York _bAmerican Institute of Physics _c1998 |
||
| 300 | _axv, 463p. | ||
| 650 | _aOptics | ||
| 650 |
_aPhotometry _91839 |
||
| 700 |
_aDeCusatis, Casimer, ed. _922586 |
||
| 942 | _cBK | ||
| 999 |
_c12877 _d12877 |
||